MARC

LEADER 00000nam0a2200000 4500
001 113537
005 20231031121837.0
035 |a (RuTPU)RU\TPU\book\122796 
090 |a 113537 
100 |a 20070412d1980 m y0rusy50 ca 
101 0 |a rus 
102 |a UA 
105 |a a z 001zy 
200 1 |a Теоретические основы горячей обработки пористых материалов давлением  |f М. С. Ковальченко  |g Академия наук Украинской ССР (АН УССР) ; Институт проблем материаловедения 
210 |a Киев  |c Наука думка  |d 1980 
215 |a 240 с.  |c ил. 
320 |a Библиогр.: с. 230-236. 
610 1 |a теоретические основы 
610 1 |a горячая обработка 
610 1 |a пористые материалы 
610 1 |a давление 
610 1 |a прессование 
610 1 |a прокатка 
610 1 |a экструзия 
610 1 |a кинетика 
675 |a 621.762.4  |v 3 
700 1 |a Ковальченко  |b М. С.  |g Михаил Саввич 
712 0 2 |a Академия наук Украинской ССР (АН УССР)  |b Институт проблем материаловедения им И. Н. Францевича (ИПМ)  |c (Киев)  |2 stltpush  |3 (RuTPU)RU\TPU\col\1143 
801 1 |a RU  |b 63413507  |c 20070412  |g PSBO 
801 2 |a RU  |b 63413507  |c 20080220  |g PSBO 
942 |c BK